000 01053nam a2200241 i 4500
001 9506
003 ES-MaACL
005 20230906145704.0
007 t|
008 931005r19911555sp ||||1| spa d
020 _a84-451-0328-8
080 _a615(03)"00"
100 1 _aDioscórides.
_944863
245 1 0 _aAcerca de la materia medicinal y de los venenos mortíferos /
_cPedacio Dioscórides Anazarbeo ; traducido del griego e ilustrado por el doctor Andrés de Laguna.
260 _aMadrid :
_bConsejería de Agricultura y Cooperación de la Comunidad, Secretaría General Técnica,
_cD.L.1991.
300 _a2 v. :
_bil. col. ;
_c31 cm.
500 _aReprod. de la ed. de: Anvers: En Casa de Juan Latio, 1555.
500 _aEl vol. 2 contiene estudios sobre la obra.
650 0 4 _aMateria médica-
_vObras anteriores a 1800.
_914842
700 1 _aLaguna, Andrés de.
_969617
710 1 _aMadrid (Comunidad Autónoma).
_bConsejería de Agricultura y Cooperación. Secretaría General Técnica.
_95591
852 _aES-MaACL
_jL-16980-81
_bR.120804
999 _c9506
_d9506